| 000 | 01082nam a2200313 i 4500 | ||
|---|---|---|---|
| 003 | EG-GICUC | ||
| 005 | 20260429094203.0 | ||
| 008 | 260428s1899 fr ||||f||||| 00| 0 fre d | ||
| 040 |
_aEG-GiCUC _bfre _cEG-GiCUC _dEG-GiCUC _eRda |
||
| 041 |
_afre _hfre |
||
| 082 | 0 | 4 |
_221 _a343.766065 _bLA . I |
| 092 | 0 | 4 | _221 |
| 099 | _aLaw1 10 343.766065 LA . I 1899 1011559 C1 | ||
| 100 | 1 |
_aLarcher, Emile _eAuteur |
|
| 245 | 1 | 4 |
_aLes Institutions Pénitentiaires De L'algérie / _cPar Emile Larcher, Jean Olier. |
| 264 | 1 |
_aParis ; _aAlger : _b Art. Rousseau, Éditeur : _bAd. Jourdan, Editeur, _c1899. |
|
| 300 |
_a268 pages ; _c23 cm. |
||
| 336 |
_2rda contenu _a texte |
||
| 337 |
_2rda medias _aOrdinateur |
||
| 338 |
_2 transporteur rda _a Ressource en ligne |
||
| 490 | 0 | _3Questions Criminelles Et Sociales | |
| 650 | 1 | 4 | _aDroit pénal |
| 650 | 1 | 4 | _aPrisons, établissements pénitentiaires et correctionnels |
| 650 | 1 | _aPrisons | |
| 700 | 1 |
_aOlier, Jean _eAuteur |
|
| 856 | 4 | 0 | _uhttps://fll.law.cu.edu.eg/fulltext/bks/B10-11559.pdf |
| 905 | _a164 | ||
| 942 |
_2ddc _n0 _cBK _e21 |
||
| 999 |
_c73923 _d73923 |
||